Science and religion : (Record no. 52382)

MARC details
000 -LEADER
fixed length control field 00504nam a22001577a 4500
005 - DATE AND TIME OF LATEST TRANSACTION
control field 20250905122013.0
008 - FIXED-LENGTH DATA ELEMENTS--GENERAL INFORMATION
fixed length control field 180227b xxu||||| |||| 00| 0 eng d
020 ## - INTERNATIONAL STANDARD BOOK NUMBER
International Standard Book Number 9781625641656
050 ## - LIBRARY OF CONGRESS CALL NUMBER
Classification number BL245
Item number .O83 2014
100 ## - MAIN ENTRY--PERSONAL NAME
Personal name Osborne, Kenan B.,
245 ## - TITLE STATEMENT
Title Science and religion :
Remainder of title fifty years after Vatican II : a time of peace and reconciliation
260 ## - PUBLICATION, DISTRIBUTION, ETC. (IMPRINT)
Place of publication, distribution, etc Eugene, Oregon :
Name of publisher, distributor, etc Wipf & Stock,
Date of publication, distribution, etc c2014
300 ## - PHYSICAL DESCRIPTION
Extent 191 p.
Dimensions 23cm.
650 ## - SUBJECT ADDED ENTRY--TOPICAL TERM
Topical term or geographic name as entry element Religion and science|xHistory.
942 ## - ADDED ENTRY ELEMENTS (KOHA)
Source of classification or shelving scheme Library of Congress Classification
Item type Book
Holdings
Withdrawn status Lost status Source of classification or shelving scheme Damaged status Not for loan Collection code Home library Current library Shelving location Date acquired Source of acquisition Cost, normal purchase price Total Checkouts Full call number Barcode Copy number Price effective from Koha item type
    Library of Congress Classification     Non-fiction Bishop Okullu Memorial Library (Limuru Campus) Bishop Okullu Memorial Library (Limuru Campus) General Circulation 27/02/2018 Donation-TBN 2520.00   BL245 .O83 2014 058315 1 27/02/2018 Book